| 000 | 00508cam a2200205ua 4500 | ||
|---|---|---|---|
| 020 | _cRs 1.00 | ||
| 041 |
_aeng _h |
||
| 082 |
_a530 _bMAN/PR |
||
| 100 | _aManikkam, J P . | ||
| 245 |
_aPractical physics for the pre universtiy class / _cJ P Manickkam. _hTextual Documents |
||
| 250 |
_a1 / _b. |
||
| 260 |
_aChennai : _bS.Viswanathan , _c1957. |
||
| 300 | _a100 ; . | ||
| 365 | _aRs 1.00 | ||
| 504 | _a | ||
| 650 | _aPhysics | ||
| 700 | 1 | _aOuseph, C C. | |
| 942 | _cBK | ||
| 999 |
_c254 _d254 |
||